1649 1939 1902 1231 1148 1238 1153 1804 1712 1741 1149 1177 1251 1802 1232 1283 1165 1964 1859 1741 1266 1633 1571 1792 1815 1844 1308 1748 1052 1279 1282 1165 1784 1514 1324 1650 1234 1010 1719 1088 1334 1498 1953 1202 1795 1290 1043 1524 1585 1468 1292 1499 1400 1330 1310 1653 1351 1286 1396 1309 1971 1268 1054 1840 1829 1548 1426 1646 1555 1946 1395 1510 1750 1050 1286 1336 1959 1269 1396 1652 1417 1344 1246 1670 1967 1668 1214 1109 1975 1109 1519 1516 1050 1490 1895 1671 1342 1155 1005 BCNSPRNW ULIB Ver.6.0+V

เปลี่ยนเป็นภาษาไทย

Change to English
 แสดงรายละเอียดบรรณานุกรม
  กลับหน้าหลัก

Brief Record : Get Marc (ISO 2709) : E-mail record : QR code < ปิดหน้าต่าง
LEADER : 00000nam 2200000uu 4500
001    13399120222
003     ULIB
008    020711s2007 th a 000 0 eng d
020    9780071111874
050    QS4^bS211H
100    SALADIN
245    HUMAN ANATOMY/^cSALADIN
260    Boston Burr Ridge,IL :^bHigher Education,^c2007
945    ^p0^l0^i24868
999    ^aทศพร เกษรทอง
รายการนี้ยังไม่มีแท็ก
คุณยังไม่ได้ล็อกอิน คุณสามารถมีกิจกรรมร่วมกับเว็บไซต์ได้ แต่ต้องล็อกอินก่อน ::
  ล็อกอิน

รายการสื่อสารสนเทศ

ลำดับที่ ประเภท เลขเรียก/บาร์โค้ด สถานที่ สถานะ
1. วิทยาศาสตร์การแพทย์ และสุขภาพ
วิทยาศาสตร์การแพทย์ และสุขภาพ
QS4 S211H  
  Barcode: 24868
ห้องสมุดวิทยาเขตสวรรค์ประชารักษ์
►หนังสือทั่วไป
บนชั้น

BibComment


ยังไม่เคยถูกคอมเมนท์

คอมเมนท์ทรัพยากรรายการนี้
  คอมเมนท์: HUMAN ANATOMY SAL..


 Copyright 2026. Bcnsprnw @Library